[Event "Bodensee Seniors op 6th"]
[Site "Bregenz"]
[Date "2022.05.26"]
[Round "5"]
[White "Eiler, Gebhard"]
[Black "Schoenrock, Ruediger"]
[Result "1/2-1/2"]
[WhiteElo "2025"]
[BlackElo "1886"]
[PlyCount "29"]
[EventDate "2022.05.22"]
[EventType "swiss"]
[EventRounds "7"]
[EventCountry "AUT"]
[SourceTitle "CBM 208 Extra"]
[Source "ChessBase"]
[SourceDate "2022.07.31"]
[SourceVersion "1"]
[SourceVersionDate "2022.07.31"]
[SourceQuality "1"]

1. d4 d5 2. c4 c6 3. Nf3 Nf6 4. Nc3 dxc4 5. a4 Na6 6. e4 Bg4 7. Bxc4 e6 8. Be3 Nb4 9. Be2 Be7 10. 0-0 0-0 11. Rc1 Qa5 12. h3 Bxf3 13. Bxf3 Rfd8 14. Qb3 Rd7 15. Rfd1 1/2-1/2

[Event "Bodensee Seniors op 6th"]
[Site "Bregenz"]
[Date "2022.05.23"]
[Round "2"]
[White "Eiler, Gebhard"]
[Black "Ebner, Hermann"]
[Result "1-0"]
[WhiteElo "2025"]
[BlackElo "1827"]
[PlyCount "43"]
[EventDate "2022.05.22"]
[EventType "swiss"]
[EventRounds "7"]
[EventCountry "AUT"]
[SourceTitle "CBM 208 Extra"]
[Source "ChessBase"]
[SourceDate "2022.07.31"]
[SourceVersion "1"]
[SourceVersionDate "2022.07.31"]
[SourceQuality "1"]

1. d4 Nf6 2. c4 c6 3. Nc3 d5 4. Nf3 Bf5 5. Qb3 Qb6 6. c5 Qxb3 7. axb3 Na6 8. Bf4 Nb4 9. Kd1 Bc2+ 10. Kd2 Ng4 11. Bg3 g6 12. Na4 Nf6 13. Nb6 Bh6+ 14. e3 Ne4+ 15. Kc1 Bxb3 16. Nxa8 0-0 17. Rxa7 Na2+ 18. Kb1 Nb4 19. Nb6 Bc2+ 20. Kc1 Bb3 21. Ra3 Bc2 22. Ne1 1-0

[Event "Bodensee Seniors op 5th"]
[Site "Bregenz"]
[Date "2019.05.30"]
[Round "5"]
[White "Eiler, Gebhard"]
[Black "Hellmann, Thomas"]
[Result "1/2-1/2"]
[WhiteElo "2016"]
[BlackElo "1865"]
[PlyCount "58"]
[EventDate "2019.05.26"]
[EventType "swiss"]
[EventRounds "7"]
[EventCountry "AUT"]
[SourceTitle "CBM 190 Extra"]
[Source "ChessBase"]
[SourceDate "2019.07.15"]
[SourceVersion "1"]
[SourceVersionDate "2019.07.15"]
[SourceQuality "1"]

1. d4 d6 2. e4 Nf6 3. Nc3 e5 4. Nf3 exd4 5. Nxd4 Be7 6. Be2 c5 7. Nb3 0-0 8. 0-0 a6 9. a4 b6 10. f4 Bb7 11. Bf3 Nc6 12. Be3 Nb4 13. Rf2 d5 14. exd5 Nbxd5 15. Nxd5 Bxd5 16. Rd2 Bxf3 17. Qxf3 Qc7 18. Rad1 a5 19. c4 Rad8 20. Nc1 Rxd2 21. Rxd2 Rd8 22. Nd3 h6 23. b3 Rd7 24. Ne5 Rxd2 25. Bxd2 Nd7 26. Bc3 Nxe5 27. Bxe5 Bd6 28. Qd5 Bxe5 29. fxe5 Qc8 1/2-1/2

[Event "Bodensee Seniors op 5th"]
[Site "Bregenz"]
[Date "2019.05.29"]
[Round "4"]
[White "Lais, Ingo"]
[Black "Eiler, Gebhard"]
[Result "1/2-1/2"]
[WhiteElo "1608"]
[BlackElo "2016"]
[PlyCount "105"]
[EventDate "2019.05.26"]
[EventType "swiss"]
[EventRounds "7"]
[EventCountry "AUT"]
[SourceTitle "CBM 190 Extra"]
[Source "ChessBase"]
[SourceDate "2019.07.15"]
[SourceVersion "1"]
[SourceVersionDate "2019.07.15"]
[SourceQuality "1"]

1. d4 Nf6 2. c4 g6 3. Nc3 Bg7 4. e4 d6 5. f3 0-0 6. Be3 e5 7. Nge2 c6 8. Qd2 Nbd7 9. d5 cxd5 10. cxd5 a6 11. g4 h5 12. g5 Ne8 13. Rg1 b5 14. Nc1 Nb6 15. b3 Nd7 16. Nd3 Bb7 17. Rc1 Rc8 18. Be2 Nc5 19. h4 Nxd3+ 20. Bxd3 Nc7 21. Bf1 Na8 22. Ne2 Qe7 23. Ng3 Rxc1+ 24. Qxc1 Rc8 25. Qd2 Qc7 26. Bd3 Nb6 27. Ke2 Nd7 28. Rc1 Qd8 29. Kf2 f6 30. Rxc8 Qxc8 31. Qc1 Nc5 32. Bxc5 Qxc5+ 33. Qxc5 dxc5 34. Ke3 fxg5 35. hxg5 Kf7 36. f4 exf4+ 37. Kxf4 Bc3 38. Nf1 Bb2 39. a4 bxa4 40. bxa4 Ke7 41. Ne3 Bc1 42. Bc4 h4 43. Kf3 h3 44. Ng4 Bc8 45. Be2 Kd6 46. Nf2 Bxg5 47. Kg3 Ke5 48. Nxh3 Bxh3 49. Kxh3 Kxe4 50. Kg4 Bd8 51. Bxa6 Kxd5 52. Bd3 g5 53. a5 1/2-1/2

[Event "AUT-ch Seniors 65"]
[Site "Deutschlandsberg"]
[Date "2019.04.28"]
[Round "1.4"]
[White "Krobath, Werner"]
[Black "Eiler, Gebhard"]
[Result "1-0"]
[WhiteElo "1804"]
[BlackElo "2016"]
[PlyCount "55"]
[EventDate "2019.04.28"]
[EventType "swiss"]
[EventRounds "7"]
[EventCountry "AUT"]
[SourceTitle "EXT 2024"]
[Source "ChessBase"]
[SourceDate "2023.10.10"]
[SourceVersion "1"]
[SourceVersionDate "2023.10.10"]
[SourceQuality "1"]

1. d4 Nf6 2. Nf3 g6 3. c4 Bg7 4. Nc3 0-0 5. Bf4 d6 6. e3 Nbd7 7. Be2 h6 8. h3 Re8 9. 0-0 Nf8 10. b4 g5 11. Bh2 Ng6 12. Nd2 e5 13. Bf3 Nh4 14. Be2 Qe7 15. c5 Bd7 16. Nc4 dxc5 17. dxe5 Nh7 18. Nd5 Qe6 19. Nxc7 Qc6 20. Nd5 Be6 21. e4 Ng6 22. Rc1 Rad8 23. Nd6 Rxd6 24. exd6 Bxd5 25. exd5 Qd7 26. Rxc5 Be5 27. Bxe5 Nxe5 28. Bb5 1-0

[Event "Bodensee Seniors op 3rd"]
[Site "Bregenz"]
[Date "2017.05.28"]
[Round "9"]
[White "Eiler, Gebhard"]
[Black "Meier, Gerd"]
[Result "1-0"]
[WhiteElo "2033"]
[BlackElo "1787"]
[PlyCount "81"]
[EventDate "2017.05.20"]
[EventType "swiss"]
[EventRounds "9"]
[EventCountry "AUT"]
[SourceTitle "CBM 178 Extra"]
[Source "ChessBase"]
[SourceDate "2017.06.22"]
[SourceVersion "1"]
[SourceVersionDate "2017.06.22"]
[SourceQuality "1"]

1. d4 Nf6 2. c4 e6 3. Nc3 d5 4. Bg5 Be7 5. e3 c6 6. Nf3 0-0 7. Qc2 a6 8. a3 dxc4 9. Bxc4 h6 10. Bh4 b5 11. Ba2 Bb7 12. Rd1 Nd5 13. Bg3 Nd7 14. Bb1 f5 15. h3 Nxc3 16. Qxc3 a5 17. Qb3 Rf6 18. Be5 a4 19. Qa2 Qa5+ 20. Kf1 Kf7 21. Bxf6 gxf6 22. Bd3 Rg8 23. Bxf5 Nf8 24. Bd3 c5 25. dxc5 Bxc5 26. Qb1 Qa8 27. Be2 Be4 28. Qc1 Bb6 29. Qd2 Bc5 30. h4 Rg7 31. Rh3 Qb8 32. Qa5 Qb7 33. Qxb5 Qa7 34. Rc1 Bb6 35. Qa6 Qxa6 36. Bxa6 Nd7 37. Bb5 Nc5 38. Rg3 Rxg3 39. fxg3 Nd3 40. Bxd3 Bxd3+ 41. Kf2 1-0

[Event "Bodensee Seniors op 3rd"]
[Site "Bregenz"]
[Date "2017.05.25"]
[Round "6"]
[White "Jackson, Oliver A"]
[Black "Eiler, Gebhard"]
[Result "1-0"]
[WhiteElo "2160"]
[BlackElo "2033"]
[PlyCount "68"]
[EventDate "2017.05.20"]
[EventType "swiss"]
[EventRounds "9"]
[EventCountry "AUT"]
[SourceTitle "CBM 178 Extra"]
[Source "ChessBase"]
[SourceDate "2017.06.22"]
[SourceVersion "1"]
[SourceVersionDate "2017.06.22"]
[SourceQuality "1"]

1. e4 c5 2. f4 g6 3. Nf3 Bg7 4. Nc3 Nc6 5. Bb5 Nd4 6. 0-0 Nxb5 7. Nxb5 d5 8. e5 a6 9. Nc3 Nh6 10. d4 c4 11. h3 0-0 12. Be3 b5 13. g4 f5 14. g5 Nf7 15. Qe1 Be6 16. Qg3 Nh8 17. Kf2 Kf7 18. h4 Rg8 19. h5 Rc8 20. Rh1 Ke8 21. hxg6 hxg6 22. Rh7 Kd7 23. Rah1 Qe8 24. Bd2 Rd8 25. Nh4 Kc6 26. Ng2 Bf7 27. Ne3 e6 28. Qf3 Qe7 29. a3 Qa7 30. Ne2 a5 31. b3 Kb6 32. bxc4 dxc4 33. Nxc4+ bxc4 34. Rb1+ Ka6 1-0

[Event "Bodensee Seniors op 2nd"]
[Site "Bregenz"]
[Date "2016.05.03"]
[Round "4"]
[White "Eiler, Gebhard"]
[Black "Peterlunger, Erich"]
[Result "1/2-1/2"]
[WhiteElo "2035"]
[BlackElo "1888"]
[PlyCount "59"]
[EventDate "2016.04.30"]
[EventType "swiss"]
[EventRounds "9"]
[EventCountry "AUT"]
[SourceTitle "CBM 172 Extra"]
[Source "ChessBase"]
[SourceDate "2016.06.21"]
[SourceVersion "1"]
[SourceVersionDate "2016.06.21"]
[SourceQuality "1"]

1. d4 Nf6 2. c4 c6 3. Nc3 d5 4. Nf3 dxc4 5. a4 Bf5 6. Ne5 Nbd7 7. Nxc4 Nb6 8. Ne5 e6 9. e3 Bd6 10. a5 Nbd7 11. Nc4 Bc7 12. g3 0-0 13. Bg2 a6 14. 0-0 e5 15. e4 exd4 16. Qxd4 Be6 17. b4 Ne5 18. Qxd8 Raxd8 19. Ne3 Nd3 20. Ba3 Be5 21. Ned1 Rfe8 22. Rb1 Bd4 23. h3 Bc4 24. Kh2 Ne5 25. Re1 Bd3 26. Ra1 Nc4 27. Ra2 Nxa3 28. Rxa3 Bc2 29. Re2 Bxd1 30. Nxd1 1/2-1/2

[Event "Liechtenstein op 24th"]
[Site "Triesen"]
[Date "2006.05.20"]
[Round "2"]
[White "Eiler, Gebhard"]
[Black "De Boer, Sybolt"]
[Result "0-1"]
[WhiteElo "2096"]
[BlackElo "2342"]
[PlyCount "88"]
[EventDate "2006.05.19"]
[EventType "swiss"]
[EventRounds "9"]
[EventCountry "LIE"]
[SourceTitle "CBM 112 Extra"]
[Source "ChessBase"]
[SourceDate "2006.07.14"]
[SourceVersion "1"]
[SourceVersionDate "2006.07.14"]
[SourceQuality "1"]

1. d4 Nf6 2. Nf3 e6 3. Bg5 c5 4. e3 h6 5. Bh4 cxd4 6. exd4 b6 7. Bd3 Bb7 8. Nbd2 Be7 9. 0-0 0-0 10. c3 d6 11. Bxf6 Bxf6 12. Be4 d5 13. Bd3 Nd7 14. Re1 a6 15. Nf1 b5 16. Qe2 Re8 17. Ne5 Nxe5 18. dxe5 Be7 19. Qg4 Bc5 20. Nd2 f5 21. Qg3 Qg5 22. Qxg5 hxg5 23. Nb3 Be7 24. Nd4 Kf7 25. a3 Bc8 26. g3 Bd7 27. h3 g6 28. Kg2 Reb8 29. Rac1 Rb7 30. Rc2 a5 31. Rec1 b4 32. cxb4 axb4 33. axb4 Ra4 34. Rc7 Raxb4 35. Rxb7 Rxb7 36. b3 Rb4 37. Nc6 Rxb3 38. Be2 Ba3 39. Rc2 Bb2 40. Na5 Rb4 41. f4 gxf4 42. gxf4 Ke8 43. h4 Ba4 44. Nc6 Rb6 0-1

[Event "AUT-chT2W 0506"]
[Site "Austria"]
[Date "2005.10.09"]
[Round "2.3"]
[White "Eiler, Gebhard"]
[Black "Loeffler, Christoph"]
[Result "1/2-1/2"]
[WhiteElo "2096"]
[BlackElo "2177"]
[PlyCount "53"]
[EventDate "2005.10.08"]
[EventType "team-tourn"]
[EventRounds "11"]
[EventCountry "AUT"]
[SourceTitle "EXT 2006"]
[Source "ChessBase"]
[SourceDate "2005.11.24"]
[SourceVersion "1"]
[SourceVersionDate "2005.11.24"]
[SourceQuality "1"]
[WhiteTeam "Lochau"]
[BlackTeam "Salzburg"]
[WhiteTeamCountry "AUT"]
[BlackTeamCountry "AUT"]

1. d4 d5 2. Nf3 Nf6 3. Bg5 e6 4. e3 Be7 5. Bd3 0-0 6. Nbd2 c5 7. c3 Nbd7 8. Ne5 Nxe5 9. dxe5 Nd7 10. Bf4 f5 11. h4 c4 12. Bc2 Nc5 13. Nf3 b5 14. Nd4 Bd7 15. g4 g6 16. gxf5 gxf5 17. Bh6 Rf7 18. Qh5 Qe8 19. Nf3 Bf8 20. Rg1+ Kh8 21. Ke2 Bxh6 22. Qxh6 Qf8 23. Qf4 Rg7 24. Rxg7 Qxg7 25. Rg1 Qf7 26. Qh6 Rg8 27. Rxg8+ 1/2-1/2

[Event "AUT-chT2W 9900"]
[Site "Austria"]
[Date "2000.03.03"]
[Round "9"]
[White "Eiler, Gebhard"]
[Black "Gerhold, Michael"]
[Result "0-1"]
[WhiteElo "2080"]
[BlackElo "2212"]
[PlyCount "48"]
[EventDate "1999.10.15"]
[EventType "team-tourn"]
[EventRounds "11"]
[EventCountry "AUT"]
[SourceTitle "EXT 2000"]
[Source "ChessBase"]
[SourceDate "1999.11.16"]
[SourceVersion "1"]
[SourceVersionDate "1999.11.16"]
[SourceQuality "1"]

1. d4 Nf6 2. Nf3 c5 3. c3 b6 4. Bg5 d6 5. e3 Nbd7 6. Bd3 g6 7. Nbd2 Bg7 8. 0-0 0-0 9. Qe2 Bb7 10. Rac1 h6 11. Bh4 a6 12. Bb1 b5 13. e4 e5 14. Rcd1 cxd4 15. cxd4 exd4 16. Nxd4 Qb6 17. N4f3 Rfe8 18. Rfe1 d5 19. e5 Ng4 20. Bg3 Ngxe5 21. Kh1 Re6 22. Nxe5 Nxe5 23. f4 Nc4 24. Qd3 Nxb2 0-1

[Event "AUT-chT2W 9900"]
[Site "Austria"]
[Date "1999.10.16"]
[Round "2"]
[White "Bezler, Rainer"]
[Black "Eiler, Gebhard"]
[Result "1-0"]
[WhiteElo "2222"]
[BlackElo "2071"]
[PlyCount "83"]
[EventDate "1999.10.15"]
[EventType "team-tourn"]
[EventRounds "11"]
[EventCountry "AUT"]
[SourceTitle "EXT 2000"]
[Source "ChessBase"]
[SourceDate "1999.11.16"]
[SourceVersion "1"]
[SourceVersionDate "1999.11.16"]
[SourceQuality "1"]

1. d4 Nf6 2. Nf3 g6 3. e3 Bg7 4. b3 d6 5. Bb2 0-0 6. Bd3 Nbd7 7. 0-0 c5 8. c4 Re8 9. Nc3 Nf8 10. Re1 Nh5 11. Bf1 Qa5 12. Nd5 e6 13. Nc3 e5 14. Nb5 Rd8 15. Bc3 Qb6 16. Qd2 a5 17. Rad1 Bg4 18. dxc5 dxc5 19. Qb2 e4 20. Rxd8 Bxc3 21. Nxc3 Qxd8 22. Nd2 Qe7 23. Nd5 Qd8 24. Nxe4 Nd7 25. h3 Be6 26. Rd1 f5 27. Nd2 Ra6 28. Be2 Rd6 29. Bxh5 Bxd5 30. cxd5 gxh5 31. e4 fxe4 32. Nxe4 Rg6 33. Rd3 Qh4 34. Ng3 Qg5 35. Qd2 Qf6 36. Rf3 Qa1+ 37. Kh2 h4 38. Nf5 Qe5+ 39. Qf4 Qe8 40. Nh6+ Kg7 41. Nf5+ Kg8 42. Re3 1-0

[Event "AUT-chT3 9899"]
[Site "Austria"]
[Date "1998.12.04"]
[Round "6"]
[White "Eiler, Gebhard"]
[Black "Wohlfart, Hubert"]
[Result "1/2-1/2"]
[WhiteElo "2075"]
[BlackElo "2185"]
[PlyCount "38"]
[EventDate "1998.??.??"]
[EventType "team-tourn"]
[EventRounds "9"]
[EventCountry "AUT"]
[SourceTitle "EXT 2002"]
[Source "ChessBase"]
[SourceDate "2001.11.25"]
[SourceVersion "1"]
[SourceVersionDate "2001.11.25"]
[SourceQuality "1"]

1. d4 Nf6 2. Nf3 g6 3. Bg5 Ne4 4. Bf4 d6 5. Nbd2 f5 6. d5 Nf6 7. Nb3 Nbd7 8. c4 Nb6 9. e3 c6 10. dxc6 bxc6 11. Be2 c5 12. Nfd2 e5 13. Bg5 h6 14. Bh4 Be6 15. f4 e4 16. Qc2 Be7 17. 0-0 0-0 18. h3 Qd7 19. Rac1 Rf7 1/2-1/2

[Event "AUT-chT2W 9899"]
[Site "Austria"]
[Date "1998.10.18"]
[Round "2.5"]
[White "Kleiser, Gregor"]
[Black "Eiler, Gebhard"]
[Result "0-1"]
[WhiteElo "2150"]
[BlackElo "2080"]
[PlyCount "149"]
[EventDate "1998.10.??"]
[EventType "team-tourn"]
[EventRounds "9"]
[EventCountry "AUT"]
[SourceTitle "EXT 2000"]
[Source "ChessBase"]
[SourceDate "1999.11.16"]
[SourceVersion "1"]
[SourceVersionDate "1999.11.16"]
[SourceQuality "1"]

1. e4 c5 2. Nf3 Nc6 3. d4 cxd4 4. Nxd4 g6 5. Nc3 Bg7 6. Be3 Nf6 7. Bc4 Qa5 8. f3 Qb4 9. Bb3 Nxe4 10. Nxc6 Bxc3+ 11. bxc3 Qxc3+ 12. Ke2 dxc6 13. Bd4 e5 14. fxe4 exd4 15. Qd3 Bg4+ 16. Kf2 Qxd3 17. cxd3 0-0 18. Rhc1 Be6 19. Rab1 Rac8 20. Ba4 Rc7 21. Rb4 Rd8 22. a3 c5 23. Rb2 Kf8 24. Bd1 Ke7 25. Rcb1 b6 26. a4 f5 27. Bf3 fxe4 28. Bxe4 Kd6 29. a5 bxa5 30. Ra1 Bd5 31. Bf3 Bxf3 32. gxf3 Rf8 33. Kg3 Rcf7 34. Rf2 Re7 35. Rxa5 Rff7 36. Rc2 Rc7 37. Rc4 Rfe7 38. Rca4 Kd5 39. Kg4 Rb7 40. Rc4 Rbc7 41. Ra3 Rf7 42. Ra5 h5+ 43. Kg3 g5 44. Rca4 h4+ 45. Kg2 Rb7 46. Rc4 Rbc7 47. Rca4 Rfe7 48. Ra6 Ke5 49. Rg6 Rg7 50. Rh6 Rb7 51. Raa6 Rb6 52. Raxb6 axb6 53. Rxb6 Kf4 54. Kf2 Ra7 55. Rf6+ Ke5 56. Rc6 Ra2+ 57. Ke1 Ra5 58. Ke2 Kf5 59. Kd2 Kf4 60. Rf6+ Ke5 61. Rc6 Kf5 62. Ke2 g4 63. fxg4+ Kxg4 64. Rg6+ Kh3 65. Rg5 Kxh2 66. Kf3 h3 67. Re5 Ra1 68. Rxc5 Re1 69. Rd5 Re3+ 70. Kf2 Rxd3 71. Ke2 Rg3 72. Rxd4 Kg2 73. Rf4 h2 74. Rf2+ Kh3 75. Rf1 0-1

[Event "AUT-chT2W 9899"]
[Site "Austria"]
[Date "1998.10.17"]
[Round "1.5"]
[White "Eiler, Gebhard"]
[Black "Blaas, Hansjoerg"]
[Result "0-1"]
[WhiteElo "2080"]
[BlackElo "2210"]
[PlyCount "56"]
[EventDate "1998.10.??"]
[EventType "team-tourn"]
[EventRounds "9"]
[EventCountry "AUT"]
[SourceTitle "EXT 2000"]
[Source "ChessBase"]
[SourceDate "1999.11.16"]
[SourceVersion "1"]
[SourceVersionDate "1999.11.16"]
[SourceQuality "1"]

1. e4 c5 2. c3 d5 3. exd5 Qxd5 4. d4 Nc6 5. Nf3 e5 6. dxe5 Qxd1+ 7. Kxd1 Bg4 8. Bf4 Nge7 9. Nbd2 Ng6 10. Bg3 0-0-0 11. Kc1 f6 12. h3 Bh5 13. Bc4 fxe5 14. Kc2 Nf4 15. Rag1 Bg6+ 16. Kc1 Bd6 17. Bxf4 exf4 18. Nh4 Bh5 19. Ne4 Ne5 20. Be6+ Kc7 21. f3 g6 22. Bg4 Be7 23. Bxh5 Bxh4 24. Bg4 c4 25. Rd1 Nd3+ 26. Kc2 Rhe8 27. Rd2 g5 28. b3 b5 0-1

[Event "AUT-chT3 9798"]
[Site "Vorarlberg "]
[Date "1998.01.09"]
[Round "6"]
[White "Eiler, Gebhard"]
[Black "Rothfuss, Oliver"]
[Result "0-1"]
[WhiteElo "2075"]
[BlackElo "2155"]
[PlyCount "102"]
[EventDate "1997.??.??"]
[EventType "tourn"]
[EventRounds "9"]
[EventCountry "AUT"]
[SourceTitle "EXT 1999"]
[Source "ChessBase"]
[SourceDate "1998.11.16"]
[SourceVersion "1"]
[SourceVersionDate "1998.11.16"]
[SourceQuality "1"]

1. d4 Nf6 2. Nf3 g6 3. Bg5 Bg7 4. Nbd2 d6 5. e3 Nbd7 6. Be2 b6 7. 0-0 Bb7 8. c3 0-0 9. b4 h6 10. Bh4 e5 11. Nb3 g5 12. Bg3 Ne4 13. Rc1 Qe7 14. Nfd2 Nxg3 15. hxg3 Rae8 16. Qc2 f5 17. Bh5 Rd8 18. Be2 Kh8 19. Rce1 c5 20. a3 Rc8 21. Qb1 Ba8 22. g4 cxb4 23. cxb4 f4 24. exf4 gxf4 25. Qg6 Qf6 26. Qxf6 Nxf6 27. dxe5 dxe5 28. Rc1 Bb7 29. Rfe1 Rxc1 30. Rxc1 Rc8 31. Rxc8+ Bxc8 32. f3 Nd5 33. Ne4 Ne3 34. Bd3 Be6 35. Nbd2 Bf8 36. Nc3 Kg7 37. Nb5 a5 38. bxa5 bxa5 39. a4 Bc5 40. Kh2 Kf7 41. Nc7 Ba2 42. Bb5 Bb4 43. Ne4 Bb1 44. Bc6 Bd3 45. Nd5 Be1 46. Nc5 Bc2 47. Nb6 Ke7 48. Bb5 Kd6 49. Ne4+ Bxe4 50. fxe4 Nxg4+ 51. Kg1 Bf2+ 0-1